1514 1973 1126 1311 1101 1646 1142 1043 1617 1099 1853 1984 1073 1153 1878 1655 1190 1760 1546 1523 1945 1905 1474 1814 1864 1356 1572 1618 1202 1493 1194 1471 1776 1702 1302 1969 1392 1333 1822 1959 1059 1403 1654 1276 1792 1936 1918 1370 1639 1014 1296 1187 1857 1556 1668 1364 1828 1359 1788 1337 1405 1565 1680 1016 1007 1259 1013 1993 1968 1548 1061 1362 1678 1370 1357 1044 1980 1085 1545 1979 1132 1857 1685 1015 1397 1288 1474 1348 1372 1617 1426 1492 1271 1065 1679 1369 1281 1956 1074 BCNSPRNW ULIB Ver.6.0+V

เปลี่ยนเป็นภาษาไทย

Change to English
 แสดงรายละเอียดบรรณานุกรม
  กลับหน้าหลัก

Brief Record : Get Marc (ISO 2709) : E-mail record : QR code < ปิดหน้าต่าง
LEADER : 00000nam 2200000uu 4500
001    13399115233
003     ULIB
008    120801s2550||||th 000 0 tha d
020    ^a9789744896650
050 04 ^aQA76.75^bบ242ม 2550
100 0  ^aบอกอ ปะยิ
245 10 ^aมือใหม่หัดใช้ PowerPoint 2007/^cบอกอ ปะยิ
250    ^aพิมพ์ครั้งที่ 1
260    ^aกรุงเทพฯ :^bซัคเซส มีเดีย,^c2550
300    ^a224 หน้า :^bภาพประกอบ ;^c22 ซม
650  7 ^apower point
650  7 ^aโปรแกรมคอมพิวเตอร์
710 1  ^aซัคเซส มีเดีย
945    ^p0^l0^i19165
995    ^aกัณชพร
999 ^a ใช้งานได้ทุกระบบ
รายการนี้ยังไม่มีแท็ก
คุณยังไม่ได้ล็อกอิน คุณสามารถมีกิจกรรมร่วมกับเว็บไซต์ได้ แต่ต้องล็อกอินก่อน ::
  ล็อกอิน

รายการสื่อสารสนเทศ

ลำดับที่ ประเภท เลขเรียก/บาร์โค้ด สถานที่ สถานะ
- ไม่พบข้อมูล -

รายการใกล้เคียง
    ผู้แต่ง [บอกอ ปะยิ]

    หัวเรื่อง [power point]
    หัวเรื่อง [โปรแกรมคอมพิวเตอร์]

BibComment


ยังไม่เคยถูกคอมเมนท์

คอมเมนท์ทรัพยากรรายการนี้
  คอมเมนท์: มือใหม่หัดใช้ Po..


 Copyright 2026. Bcnsprnw @Library